[Event "Mogliano Veneto op-C 34th"]
[Site "Mogliano Veneto"]
[Date "2013.04.28"]
[Round "6"]
[White "De Col, Daniele"]
[Black "Bellucco, Nicola"]
[Result "1/2-1/2"]
[WhiteElo "1418"]
[BlackElo "1428"]
[PlyCount "56"]
[EventDate "2013.04.25"]
[EventType "swiss"]
[EventRounds "6"]
[EventCountry "ITA"]
[SourceTitle "EXT 2024"]
[Source "ChessBase"]
[SourceDate "2023.10.10"]
[SourceVersion "1"]
[SourceVersionDate "2023.10.10"]
[SourceQuality "1"]

1. Nf3 Nf6 2. Nc3 g6 3. e4 d6 4. d4 Bg7 5. g3 0-0 6. Bg2 Nbd7 7. e5 dxe5 8. dxe5 Ng4 9. e6 fxe6 10. 0-0 Nb6 11. Qe2 Nd5 12. Rd1 Bxc3 13. Ng5 Bg7 14. Qxg4 Nf6 15. Qe2 Qe8 16. Nxe6 Bxe6 17. Qxe6+ Qf7 18. Qe2 c6 19. Bh3 Kh8 20. Bg5 h6 21. Bxf6 Bxf6 22. c3 Rad8 23. Be6 Qg7 24. Rxd8 Rxd8 25. Rd1 Rd6 26. Bc8 Rxd1+ 27. Qxd1 e5 28. Qb3 b6 1/2-1/2

[Event "Noale Szabados Memorial-B 1st"]
[Site "Noale"]
[Date "2008.02.10"]
[Round "5"]
[White "Menin, Massimo"]
[Black "De Col, Daniele"]
[Result "1-0"]
[WhiteElo "1520"]
[BlackElo "1427"]
[PlyCount "95"]
[EventDate "2008.02.08"]
[EventType "swiss"]
[EventRounds "5"]
[EventCountry "ITA"]
[SourceTitle "EXT 2022"]
[Source "ChessBase"]
[SourceDate "2021.10.06"]
[SourceVersion "1"]
[SourceVersionDate "2021.10.06"]
[SourceQuality "1"]

1. e4 d5 2. exd5 Qxd5 3. Nc3 Qa5 4. d4 Nf6 5. Bd2 c6 6. Ne4 Qc7 7. Nxf6+ gxf6 8. g3 Bf5 9. Bg2 Nd7 10. c3 e6 11. Qc1 Nb6 12. b3 e5 13. Nf3 Be4 14. 0-0 0-0-0 15. dxe5 Bxf3 16. Bxf3 fxe5 17. Bg5 Be7 18. Bxe7 Qxe7 19. Qc2 Qg5 20. Rad1 f5 21. h4 Qf6 22. Rxd8+ Rxd8 23. c4 e4 24. Bg2 Nd7 25. Rd1 Ne5 26. Rxd8+ Kxd8 27. Qd2+ Kc7 28. Qf4 Qe6 29. Bh3 Kd8 30. Qxf5 Qxf5 31. Bxf5 h6 32. Bxe4 Ke7 33. f4 Ng4 34. Bf3 h5 35. Bxg4 hxg4 36. Kf2 Kf6 37. Ke3 Kf5 38. c5 Ke6 39. Kd4 Kf5 40. a3 Ke6 41. b4 Kf5 42. h5 Kf6 43. h6 Kg6 44. h7 Kxh7 45. Ke5 Kg7 46. Kd6 Kf6 47. Kc7 b6 48. Kxc6 1-0